Perspective Made Easy /

Enregistré dans:
Détails bibliographiques
Auteur principal: Norling, Ernest R. (autor)
Format: Livre
Langue:anglais
Collection:(Dover Books on Art Instruction and Anatomy)
Sujets:
Tags: Ajouter un tag
Pas de tags, Soyez le premier à ajouter un tag!

MARC

LEADER 00000nam^a2200000^a^4500
001 000184838
005 20250521000000.0
009 20260310102130.295
020 |a 0-486-40473-0 
037 |a Acervo ITESO - Biblioteca 
041 |a ING 
082 |a 516. 5  |b NOR 
100 |a Norling, Ernest R.  |e (autor) 
245 1 0 |a Perspective Made Easy /  |c E.R. Norling. 
264 |a Mineola, EUA :  |b Dover,  |c 1999 
300 |a XII, 203 p. 
336 |a texto  |b txt  |2 rdacontenido 
337 |a sin mediación  |b n  |2 rdamedio 
338 |a volumen  |b nc  |2 rdasoporte 
440 1 |a (Dover Books on Art Instruction and Anatomy) 
649 |a XX 
650 |a Perspectiva -  |x Tema Principal 
650 |a Dibujo -  |x Técnica -  |x Tema Principal 
650 |a Geometría Proyectiva -  |x Tema Principal 
650 |a Comunicación Visual 
910 |a Fondo General 
920 |a Impresos - Libros 
930 |a Colección General 
905 |a 101 
901 |a 0500125746  |b IT1  |c ACC  |u 20250521 
902 |a https://opac.biblio.iteso.mx/vufind/Record/000184838